000 00289nam a2200109Ia 4500
008 200302s9999 xx 000 0 und d
100 _aNot Known
245 _aBuilding Services Component Life Manual: Building Life plans
260 _bBlackwell Publications
260 _c2001
300 _a147
999 _c4597
_d4597